| 000 | 00706cam a22002417a 4500 | ||
|---|---|---|---|
| 001 | 13276564 | ||
| 005 | 20171220081230.0 | ||
| 008 | 020904s2003 caua 000 0 eng d | ||
| 010 | _a 2003275482 | ||
| 020 | _a0805353364 | ||
| 035 | _a(OCoLC)ocm50540984 | ||
| 040 |
_aEUW _cEUW _dUGX _dOCL _dOCLCQ _dDLC |
||
| 041 | _aeng | ||
| 042 | _alccopycat | ||
| 080 | _a611.00222 MAT | ||
| 082 | 0 |
_a611.00222 MAT _221 |
|
| 100 | 1 | _a6 | |
| 101 | _aANA | ||
| 245 | 1 | 2 |
_aA brief atlas of the human body / _cMatt Hutchinson, Jon Mallatt , Elaine N. Marieb ; photographs by Ralph T. Hutchings. |
| 906 |
_a7 _bcbc _ccopycat _d3 _encip _f20 _gy-gencatlg |
||
| 942 |
_2ddc _cBK |
||
| 999 |
_c39237 _d39237 |
||